Výpočet čistiarne odpadových vôd (ČOV) pre obce do 10 000 obyvateľov bakalárska práca

Guardado en:
Detalles Bibliográficos
Autor principal: Púček, Ondrej
Formato: Libro
Lenguaje:eslovaco
Publicado: Bratislava STU FCHPT 2015
Acceso en línea:Ver en el OPAC
Etiquetas: Agregar Etiqueta
Sin Etiquetas, Sea el primero en etiquetar este registro!

MARC

LEADER 00000nam a2200000 a 4500
005 20260127133959.0
008 161004 2015 000 0 slo d
035 |a vtls011583785 
039 9 |y 201610040952  |z mschk03 
040 |a STUSCHK1  |b slo  |c STUSCHK1  |e AACR2 
100 1 |a Púček, Ondrej 
245 1 |a Výpočet čistiarne odpadových vôd (ČOV) pre obce do 10 000 obyvateľov  |b bakalárska práca  |c Ondrej Púček 
260 |a Bratislava  |b STU FCHPT  |c 2015 
300 |a 52 s.  |b il.  |c 25 cm 
500 |a Študijný program: chemické inžinierstvo 
500 |a Študijný odbor: chemické inžinierstvo 
500 |a Školiace pracovisko: Odd. environmentálneho inžinierstva 
500 |a Evid. číslo: FCHPT-5431-43135 
910 |a SCHK95 
999 |c 1393  |d 1393